Methodologie de l'enseignement de la prononciation : organisation de la matiere phinique du francais et correction phonetique

Αποθηκεύτηκε σε:
Λεπτομέρειες βιβλιογραφικής εγγραφής
Κύριος συγγραφέας: Callamand, Monique
Μορφή: Βιβλίο
Γλώσσα:French
Δημοσίευση: Paris : Cle International, 1981
Σειρά:Didactique des langues etrangeres
Θέματα:
Ετικέτες: Προσθήκη ετικέτας
Δεν υπάρχουν, Καταχωρήστε ετικέτα πρώτοι!

MARC

LEADER 00000nam a2200000 i 4500
001 1/70543
008 970722s1981 fre d
020 |a 2-19-033257-5 
035 |a 1993  |b 1  |c Ξανθάκη  |l 10030681 
040 |a GR-MY-UA  |b gre  |e aacr 
041 0 |a fre 
082 0 |a 441.6 
100 1 |a Callamand, Monique. 
245 1 0 |a Methodologie de l'enseignement de la prononciation :  |b organisation de la matiere phinique du francais et correction phonetique /  |c Monique Callamand 
260 |a Paris :   |b Cle International,   |c 1981 
300 |a 190 p. 
490 1 |a Didactique des langues etrangeres 
650 0 0 |a French language  |x Pronunciation. 
650 0 0 |a French language  |x Phonetics. 
830 0 |a Didactique des langues etrangeres 
852 |a INST  |b RHODES  |e 19970722  |h 441.6 CAL  |p 005400009983  |q 005400009983  |t BK  |y 0 
909 |a Ρ  |b 026219  |c 1993